Statistics for Greek Cup Winners

Click here to take the quiz!

General Stats

  • This quiz has been taken 39 times
    (17 since last reset)
  • The average score is 77 of 80

Answer Stats

YearTeam% Correct
1932AEK Athens
100%
2002AEK Athens
100%
1939AEK Athens
100%
1950AEK Athens
100%
1956AEK Athens
100%
1964AEK Athens
100%
1966AEK Athens
100%
1978AEK Athens
100%
1996AEK Athens
100%
1997AEK Athens
100%
2000AEK Athens
100%
1983AEK Athens
100%
2016AEK Athens
100%
2011AEK Athens
100%
1970Aris
100%
2007Larissa
100%
1985Larissa
100%
1961Olympiacos
100%
1957Olympiacos
100%
1958Olympiacos
100%
1959Olympiacos
100%
1960Olympiacos
100%
1981Olympiacos
100%
1963Olympiacos
100%
1954Olympiacos
100%
1965Olympiacos
100%
1967Olympiacos
100%
1968Olympiacos
100%
1975Olympiacos
100%
1990Olympiacos
100%
1992Olympiacos
100%
1971Olympiacos
100%
1953Olympiacos
100%
2009Olympiacos
100%
2008Olympiacos
100%
2006Olympiacos
100%
2005Olympiacos
100%
1947Olympiacos
100%
2012Olympiacos
100%
1973Olympiacos
100%
2013Olympiacos
100%
1999Olympiacos
100%
2020Olympiacos
100%
2015Olympiacos
100%
1951Olympiacos
100%
1952Olympiacos
100%
1949Panathinaikos
100%
1940Panathinaikos
100%
1969Panathinaikos
100%
1955Panathinaikos
100%
1948Panathinaikos
100%
1977Panathinaikos
100%
1991Panathinaikos
100%
2022Panathinaikos
100%
1989Panathinaikos
100%
1994Panathinaikos
100%
1988Panathinaikos
100%
1995Panathinaikos
100%
1986Panathinaikos
100%
1984Panathinaikos
100%
1982Panathinaikos
100%
1993Panathinaikos
100%
2014Panathinaikos
100%
2004Panathinaikos
100%
2010Panathinaikos
100%
2001PAOK
100%
2003PAOK
100%
2021PAOK
100%
1972PAOK
100%
2019PAOK
100%
1974PAOK
100%
2018PAOK
100%
2017PAOK
100%
1987OFI Crete
77%
1933Ethnikos Piraeus
62%
1976Iraklis
62%
1998Panionios
62%
1979Panionios
62%
1980Kastoria
54%
2023AEK Athens
8%

Score Distribution

Percentile by Number Answered

Percent of People with Each Score

Your Score History

You have not taken this quiz since the last reset